000 00295nam a22001337a 4500
008 171019b xxu||||| |||| 00| 0 eng d
020 _a9780136087946
041 _aeng
080 _211 ED
_a338
100 _a53
101 _aMEN
245 _aRETAIL MANAGEMENT
_cEVANS.J.R
942 _2udc
_cBK
999 _c34955
_d34955